[Event "CHN-ch U20 Girls"]
[Site "Shanghai"]
[Date "2024.02.20"]
[Round "10"]
[White "Deng, Yingjia"]
[Black "Ding, Shirui"]
[Result "0-1"]
[WhiteElo "1574"]
[BlackElo "1491"]
[PlyCount "94"]
[EventDate "2024.02.16"]
[EventType "swiss"]
[EventRounds "11"]
[EventCountry "CHN"]
[SourceTitle "CB09_2024"]
[SourceDate "2024.02.28"]
[SourceVersion "1"]
[SourceVersionDate "2024.02.28"]
[SourceQuality "1"]

1. d4 Nf6 2. c4 g6 3. g3 c6 4. Bg2 d5 5. Nf3 Bg7 6. 0-0 0-0 7. Qb3 dxc4 8. Qxc4 Be6 9. Qc2 Na6 10. Nc3 Nb4 11. Qb1 Qb6 12. e4 Rfd8 13. h3 Bc4 14. Rd1 a5 15. b3 Be6 16. Bb2 Qc7 17. Ng5 Bc8 18. a3 Na6 19. e5 Nd5 20. Nxd5 cxd5 21. Qd3 h6 22. Rac1 Qb6 23. Nf3 Bf5 24. Qe3 Rac8 25. Nd2 Bc2 26. Re1 h5 27. Qg5 Rc7 28. e6 f6 29. Qe3 Bf5 30. Rxc7 Nxc7 31. Qf4 Nxe6 32. Qe3 Kh7 33. Nf3 Be4 34. Nd2 Bh6 35. f4 Bf5 36. Kh2 Qd6 37. Bf3 h4 38. Kg2 hxg3 39. Bg4 Nxf4+ 40. Kf1 Bd3+ 41. Be2 Bxe2+ 42. Rxe2 Nxe2 43. Qxe2 Qf4+ 44. Nf3 Rd7 45. Kg2 Rc7 46. h4 Qf5 47. Nd2 Bxd2 0-1

[Event "CHN-ch U20 Girls"]
[Site "Shanghai"]
[Date "2024.02.19"]
[Round "8"]
[White "Feng, Chen"]
[Black "Deng, Yingjia"]
[Result "0-1"]
[WhiteElo "1419"]
[BlackElo "1574"]
[PlyCount "62"]
[EventDate "2024.02.16"]
[EventType "swiss"]
[EventRounds "11"]
[EventCountry "CHN"]
[SourceTitle "CB09_2024"]
[SourceDate "2024.02.28"]
[SourceVersion "1"]
[SourceVersionDate "2024.02.28"]
[SourceQuality "1"]

1. e4 e6 2. d4 d5 3. Nd2 c5 4. dxc5 Bxc5 5. exd5 exd5 6. Ngf3 Nc6 7. Qe2+ Qe7 8. Qxe7+ Ngxe7 9. c3 Bf5 10. Be2 0-0 11. 0-0 Ng6 12. Nb3 Bb6 13. Bd2 Nge5 14. Bc1 Rfe8 15. Nfd4 Bd3 16. Bxd3 Nxd3 17. Rb1 Nxd4 18. Nxd4 Bxd4 19. cxd4 Rac8 20. Be3 Rc2 21. h3 Rec8 22. Rfd1 Nxb2 23. Rf1 b6 24. Rfc1 Rxc1+ 25. Rxc1 Nc4 26. Kh2 f6 27. Kg3 Re8 28. Kf3 Kf7 29. Rb1 Rxe3+ 30. fxe3 Nd2+ 31. Ke2 Nxb1 0-1

[Event "CHN-ch U20 Girls"]
[Site "Shanghai"]
[Date "2024.02.17"]
[Round "4"]
[White "Zhou, Shujun"]
[Black "Deng, Yingjia"]
[Result "1-0"]
[WhiteElo "1740"]
[BlackElo "1574"]
[PlyCount "61"]
[EventDate "2024.02.16"]
[EventType "swiss"]
[EventRounds "11"]
[EventCountry "CHN"]
[SourceTitle "CB09_2024"]
[SourceDate "2024.02.28"]
[SourceVersion "1"]
[SourceVersionDate "2024.02.28"]
[SourceQuality "1"]

1. d4 Nf6 2. c4 e6 3. Nc3 d5 4. Nf3 c5 5. Bg5 cxd4 6. Nxd4 Nbd7 7. cxd5 exd5 8. Qa4 Bc5 9. e3 0-0 10. Be2 Qb6 11. Qb5 Bxd4 12. exd4 Qxd4 13. Rd1 Qe5 14. Nxd5 Re8 15. Nxf6+ gxf6 16. Qxe5 fxe5 17. Bb5 f6 18. Bh4 Re7 19. Rd6 Kf7 20. Ke2 Nb6 21. Rxf6+ Kg7 22. Rxb6 Rc7 23. Rd6 Bf5 24. Rhd1 Rf8 25. Bd7 Bg6 26. Bg3 Rc5 27. b4 Rc2+ 28. R1d2 Rxd2+ 29. Kxd2 e4 30. Ke3 Rf7 31. Be6 1-0